Avoid plagiarism (Record no. 86556)

MARC details
000 -LEADER
fixed length control field 00725 a2200241 4500
003 - CONTROL NUMBER IDENTIFIER
control field CBULib
005 - DATE AND TIME OF LATEST TRANSACTION
control field 20251208141749.0
008 - FIXED-LENGTH DATA ELEMENTS--GENERAL INFORMATION
fixed length control field 251208b |||||||| |||| 00| 0 eng d
020 ## - INTERNATIONAL STANDARD BOOK NUMBER
International Standard Book Number 9781529704976
040 ## - CATALOGING SOURCE
Language of cataloging English
Transcribing agency CBULib
Description conventions rda
041 ## - LANGUAGE CODE
Language code of text/sound track or separate title eng
050 ## - LIBRARY OF CONGRESS CALL NUMBER
Classification number PN 167 Lan
100 ## - MAIN ENTRY--PERSONAL NAME
Personal name Lancaster, Thomas
9 (RLIN) 5142
245 ## - TITLE STATEMENT
Title Avoid plagiarism
Statement of responsibility, etc / by Thomas Lancaster
260 ## - PUBLICATION, DISTRIBUTION, ETC. (IMPRINT)
Name of publisher, distributor, etc SAGE,
Date of publication, distribution, etc 2020
Place of publication, distribution, etc Los Angeles:
300 ## - PHYSICAL DESCRIPTION
Extent 112 pages: illustrations
336 ## - CONTENT TYPE
Source rdacontent
Content type term Text |
Content type code txt
337 ## - MEDIA TYPE
Source rdamedia
Media type term Unmediated |
Media type code n
338 ## - CARRIER TYPE
Source rdacarrier
Carrier type term Volume
Carrier type code nc
650 #0 - SUBJECT ADDED ENTRY--TOPICAL TERM
Source of heading or term Library of Congress
9 (RLIN) 5143
Topical term or geographic name as entry element ACADEMIC DISSERTATION AS TOPIC
650 #0 - SUBJECT ADDED ENTRY--TOPICAL TERM
Source of heading or term Library of Congress
9 (RLIN) 5144
Topical term or geographic name as entry element PLAGIARISM
942 ## - ADDED ENTRY ELEMENTS (KOHA)
Source of classification or shelving scheme
Koha item type MONOGRAPH
Holdings
Withdrawn status Lost status Source of classification or shelving scheme Damaged status Not for loan Permanent Location Current Location Shelving location Date acquired Source of acquisition Cost, normal purchase price Full call number Barcode Date last seen Copy number Price effective from Koha item type Collection code
          CBU-MAIN LIBRARY, KITWE. CBU-MAIN LIBRARY, KITWE. General Stacks 12/08/2025 BOOK AID INTERNATIONAL 10.00 PN 167 Lan 753804 12/08/2025 2 11/19/2025 MONOGRAPH  
          CBU-MAIN LIBRARY, KITWE. CBU-MAIN LIBRARY, KITWE. General Stacks 12/08/2025 BOOK AID INTERNATIONAL 10.00 PN 167 Lan 753806 12/08/2025 3 11/19/2025 MONOGRAPH  
          CBU-MAIN LIBRARY, KITWE. CBU-MAIN LIBRARY, KITWE. General Stacks 12/08/2025 BOOK AID INTERNATIONAL 10.00 PN 167 Lan 753714 12/08/2025 1 11/19/2025 MONOGRAPH Main Library Open Access Collection